000 00579nam a2200193Ia 4500
003 OSt
005 20251104174609.0
008 210423s2005 xx 000 0 und d
040 _cAL
041 _aEnglish
082 _a362.28
_bHAWP
100 _aKeith Hawton
_987171
245 _aPrevention and treatment of suicidal behaviour
_b: from science to practice
260 _bOxford University Press
_c2005
300 _axiii,379p.
_bPB
_c23x15.4cm.
365 _b3887
_cINR
906 _abehaviour: ; practice. ; Prevention ; science ; suicidal ; treatment
942 _2ddc
_cBK
999 _c157266
_d157266